000 00643nam a2200229Ia 4500
003 OSt
005 20251111112822.0
008 210210b2007 xxu||||| |||| 00| 0 eng d
040 _cAL
041 _aKannada
082 _aK894.9 HEGS
100 _aHEGADE (G M)
_9150888
_dಹೆಗಡೆ (ಜಿಎಂ)
245 _aSahitya krati sanchaya
_bಸಾಹಿತ್ಯ ಕೃತಿ ಸಂಚಯ
260 _aDharwad
_bRanjana Prakashana
_c2007
300 _aviii,276
650 _asanchaya
_9150889
650 _aSahithya
_9150890
650 _akrati
_9150891
690 _aKannada Criticism
_9150892
906 _a071403
942 _2ddc
_cBK
999 _c120778
_d120778